00534nam a2200193Ia 450000500170000000800410001702000230005804000190008104100120010008200140011224500530012625000530017926000270023230000140025950400190027365000190029270000180031185000110032920240404153219.0131103s9999 xx 000 0 und d a8125906150cRs.350 aLoreto College aEnglish a301 bRAO 4aThe Poor In A Hostile SocietycEdited by V M Rao a glimpses of changing poverty scenario in India  aNew DelhibVikasc1998 aix,280p.  aIncludes index aSocial science aRao, V M ed. aLCBED